000 00519nam a2200157 a 4500
005 20140725020003.0
008 140123b2004 ck ||||| |||| 00| 0 spa d
041 _aspa
090 _aIAVH
_b00322
100 _aVítolo L., Adriana
_94841
245 _aGuía para la identificación de los escarabajos tigre (Coleptera: Cicindelidae) de Colombia
260 _aBogotá
_bInstituto de Investigación de Recursos Biológicos Alexander von Humboldt
_c2004
300 _a198 p.
942 _cCD-ROM
_2z
_01
945 _d2005-03-08
999 _c4353
_d4353